Представление документа в формате RUSMARC

ПолеНазваниеЗначение
  Тип записи a
  Библиографический уровень m
001 Контрольный номер RU/CBS_UL/BASE/e83c7121f602425e84c5d68307323621
005 Дата корректировки 20260428161838.5
010 Индекс ISBN __
a ISBN 978-5-6050161-2-0
b Уточнения в пер.
d Цена 9 р. 73 к.
9 Тираж 5 000 экз.
100 Данные общей обработки __
a Данные общей обработки 20260428d 0rusy0189## ca
101 Язык документа 0_
a Язык текста rus
102 Страна публикации __
a Страна публикации RU
200 Заглавие и сведения об ответственности 1_
a Заглавие Китаб әт-тәрбия
d Параллельное заглавие Книга о воспитании
e Сведения, относящиеся к заглавию подарочное издание
f Первые сведения об ответственности К. Насыри
g Последующие сведения об ответственности худож. М. Фархутдинов, А. Егорова, А. Гаранина [и др.]
210 Выходные данные 1_
a Место издания Казань
c Издательство Татарское детское издательство
d Дата издания 2025
215 Физическое описание __
a Объем 231 с.
c Иллюстрации/тип воспроизводства ил.
d Формат 22,5 см.
300 Общие примечания __
a Общие примечания 12+
300 Общие примечания __
a Общие примечания К 200-летию со дня рождения
606 Тематические рубрики 0_
a Основная рубрика Татарская литература, 19 в. - Проза
610 Ключевые слова 0_
a Ключевые слова литература татарская; семейное воспитание; воспитание в семье; наставления; педагогика; советы родителям; нравоучения; напутствия
686 Индексы других классификаций __
2 Код системы rubbk
a Классификационный индекс 84(2Рос=Тат)
700 Автор _1
a Фамилия Насыри
b Имя (инициалы) К.
g Полное личное имя Каюм
801 Источник записи _0
a Страна RU
b Организация МБУК ЦБС г. Ульяновска
c Дата составления 20260428
g Правила каталогизации RCR
801 Источник записи _1
a Страна RU
b Организация МБУК ЦБС г. Ульяновска
c Дата составления 20260428
g Правила каталогизации RCR
852 Данные о местонахождении __
i Авторский знак Н 32
j Шифр хранения Р6=Тат
901 Тип документа __
t Тип документа m
909 Создатель записи __
a Создатель записи obr2
b Дата создания записи 20260428